|
|
|
|
| LEADER |
01150nam a2200205 i 4500 |
| 003 |
GR-PaULI |
| 005 |
20240328165135.0 |
| 008 |
200702s1977 gr ||||| |||| 00| f gre d |
| 040 |
|
|
|a GR-PaULI
|b gre
|c GR-PaULI
|e AACR2
|
| 082 |
0 |
4 |
|2 23
|a 889.334
|
| 100 |
|
|
|9 30910
|a Μπακόλας, Νίκος
|d 1927-1999
|e συγγραφέας.
|
| 245 |
1 |
0 |
|a Μυθολογία :
|b δώδεκα αλληλένδετα αφηγήματα /
|c Νίκος Μπακόλας.
|
| 260 |
1 |
0 |
|a [Αθήνα]:
|b Εξάντας,
|c 1977.
|
| 300 |
|
|
|a 82 σ.;
|c 21 εκ.
|
| 500 |
|
|
|a Με ιδιόχειρη αφιέρωση του συγγραφέα στους δωρητές.
|
| 942 |
|
|
|2 ddc
|c BKN
|
| 952 |
|
|
|0 0
|1 0
|2 ddc
|4 0
|6 889_334000000000000_ΜΠΑ
|7 0
|9 327098
|a LISP
|b LISP
|c DON
|d 2021-07-20
|e ΓΑΛ
|i 144794
|l 0
|o 889.334 ΜΠΑ
|p 025000270906
|r 2021-07-20 00:00:00
|t 1
|w 2021-07-20
|y BKN
|
| 952 |
|
|
|0 0
|1 0
|2 ddc
|4 0
|6 889_334000000000000_ΜΠΑ
|7 0
|9 378820
|a LISP
|b LISP
|c BSC
|d 2024-03-27
|e ΚΟΤ
|i 364361
|l 0
|o 889.334 ΜΠΑ
|p 025000307392
|r 2024-03-27 00:00:00
|t 2
|w 2024-03-27
|y BK
|z Δωρεά Ελισάβετ και Παναγιώτη Κοτζιά
|
| 998 |
|
|
|c ΜΠΟΥΡΑΣ
|d 2021-07
|
| 999 |
|
|
|c 183460
|d 183460
|